Усилитель однополярных импульсов системы ближней радиолокации; Известия Томского политехнического университета [Известия ТПУ]; Т. 309, № 4
| Parent link: | Известия Томского политехнического университета [Известия ТПУ]/ Томский политехнический университет (ТПУ).— , 2000- Т. 309, № 4.— 2006.— [С. 147-148] |
|---|---|
| Հիմնական հեղինակ: | |
| Այլ հեղինակներ: | |
| Ամփոփում: | Заглавие с титульного листа Электронная версия печатной публикации Описан усилитель видеоимпульсов, предназначенный для работы в качестве источника импульсного питания диодов Ганна 3А763А-М системы ближней радиолокации. Характеристики усилителя: коэффициент усиления 16 дБ; максимальная амплитуда выходных импульсов 6 В; максимальный ток в импульсе 2,5 А. |
| Լեզու: | ռուսերեն |
| Հրապարակվել է: |
2006
|
| Շարք: | Технические науки |
| Խորագրեր: | |
| Առցանց հասանելիություն: | http://www.lib.tpu.ru/fulltext/v/Bulletin_TPU/2006/v309/i4/33.pdf |
| Ձևաչափ: | MixedMaterials Էլեկտրոնային Գրքի գլուխ |
| KOHA link: | https://koha.lib.tpu.ru/cgi-bin/koha/opac-detail.pl?biblionumber=171441 |
MARC
| LEADER | 00000nla2a2200000 4500 | ||
|---|---|---|---|
| 001 | 171441 | ||
| 005 | 20231031163959.0 | ||
| 035 | |a (RuTPU)RU\TPU\book\185899 | ||
| 035 | |a RU\TPU\book\185897 | ||
| 090 | |a 171441 | ||
| 100 | |a 20091204d2006 k y0rusy50 ca | ||
| 101 | 0 | |a rus | |
| 102 | |a RU | ||
| 135 | |a drnn ---uucaa | ||
| 181 | 0 | |a i | |
| 182 | 0 | |a b | |
| 200 | 1 | |a Усилитель однополярных импульсов системы ближней радиолокации |b Электронный ресурс |f А. А. Титов, В. П. Пушкарев | |
| 203 | |a Текст |c электронный | ||
| 215 | |a 1 файл (210 Кб) | ||
| 225 | 1 | |a Технические науки | |
| 230 | |a Электронные текстовые данные (1 файл : 210 Кб) | ||
| 300 | |a Заглавие с титульного листа | ||
| 300 | |a Электронная версия печатной публикации | ||
| 320 | |a [Библиогр.: с. 148 (4 назв.)] | ||
| 330 | |a Описан усилитель видеоимпульсов, предназначенный для работы в качестве источника импульсного питания диодов Ганна 3А763А-М системы ближней радиолокации. Характеристики усилителя: коэффициент усиления 16 дБ; максимальная амплитуда выходных импульсов 6 В; максимальный ток в импульсе 2,5 А. | ||
| 337 | |a Adobe Reader | ||
| 461 | 1 | |0 (RuTPU)RU\TPU\book\176237 |t Известия Томского политехнического университета [Известия ТПУ] |f Томский политехнический университет (ТПУ) |d 2000- | |
| 463 | 1 | |0 (RuTPU)RU\TPU\book\185844 |x 1684-8519 |t Т. 309, № 4 |v [С. 147-148] |d 2006 |p 273 с. | |
| 610 | 1 | |a усилители | |
| 610 | 1 | |a однополярные импульсы | |
| 610 | 1 | |a системы ближней радиолокации | |
| 610 | 1 | |a видеоимпульсы | |
| 610 | 1 | |a источники | |
| 610 | 1 | |a импульсное питание | |
| 610 | 1 | |a диоды Ганна | |
| 610 | 1 | |a коэффициент усиления | |
| 610 | 1 | |a амплитуда | |
| 610 | 1 | |a токи | |
| 610 | 1 | |a электронный ресурс | |
| 700 | 1 | |a Титов |b А. А. | |
| 701 | 1 | |a Пушкарев |b В. П. | |
| 801 | 1 | |a RU |b 63413507 |c 20090623 |g PSBO | |
| 801 | 2 | |a RU |b 63413507 |c 20211021 |g PSBO | |
| 856 | 4 | |u http://www.lib.tpu.ru/fulltext/v/Bulletin_TPU/2006/v309/i4/33.pdf | |
| 942 | |c CF | ||